| 000 | 00799cam a2200229 4500 | ||
|---|---|---|---|
| 001 | 14916 | ||
| 005 | 20230410102057.0 | ||
| 008 | 060907n1982 dr spa | ||
| 035 | _9funglode15041 | ||
| 041 | _aspa | ||
| 050 | 1 | 4 |
_a118 JL 1138 _bC196o 1982 |
| 100 | 1 | _aCampillo Pérez, Julio Genaro. | |
| 245 | 1 | 0 |
_aOrigen y evolución de la Junta Central Electoral / _cJulio G. Campillo |
| 260 |
_aSanto Domingo : _bJunta Central Electoral, _c1982 |
||
| 300 |
_a386 p. : _bill. ; _c21 cm. |
||
| 504 | _aIncludes bibliographical references. | ||
| 610 | 1 | 0 |
_aDominican Republic. _bJunta Central Electoral _xHistory. |
| 650 | 0 |
_aElections _zDominican Republic _xHistory. |
|
| 651 | 0 |
_aDominican Republic _xPolitics and government. |
|
| 650 | 4 |
_aElecciones _zRepública Dominicana |
|
| 942 |
_2lcc _cbk |
||
| 999 |
_c18573 _d18573 |
||